| 000 | 00661am a2200265a 44500 | ||
|---|---|---|---|
| 003 | AR-BaBNM | ||
| 005 | 20251128211137.0 | ||
| 008 | 172120s1985 #AR|||||||||||000 | esp|| | ||
| 020 | _a84-7291-978-1 | ||
| 040 | _cAR-BaBNM | ||
| 100 | 1 | _aStruve, V.V. | |
| 245 | 1 | 0 |
_aHistoria de la antigua Grecia _nIII |
| 260 |
_aMadrid _bSarpe _c1985 |
||
| 300 | _a281 p. | ||
| 490 | 0 |
_aBiblioteca de la historia _vv. 70 |
|
| 650 | 4 | _aHISTORIA POLITICA | |
| 650 | 4 | _aHISTORIA DE LAS IDEAS | |
| 650 | 4 | _aHISTORIA ANTIGUA | |
| 650 | 4 | _aHISTORIA SOCIAL | |
| 650 | 4 | _aTIRANIA | |
| 650 | 4 | _aHISTORIA EUROPEA | |
| 651 | 4 | _aGrecia | |
| 942 | _cBK | ||
| 998 | _cmariana | ||
| 999 |
_c18432 _d18432 |
||